| 000 | 00804cam a2200265 a 4500 | ||
|---|---|---|---|
| 001 | 4507964 | ||
| 003 | OSt | ||
| 005 | 20160511124950.0 | ||
| 008 | 980828s1999 nyub 000 1 eng | ||
| 010 | _a 98037343 | ||
| 020 | _a0399144595 (acidfree paper) | ||
| 040 | _aSEKU | ||
| 050 | 0 | 0 |
_aPS 3552 _b.B3 |
| 082 | 0 | 0 |
_a813/.54 _221 |
| 100 | 1 | _aBarr, Nevada. | |
| 245 | 1 | 0 |
_aLiberty falling / _cNevada Barr. |
| 260 |
_aNew York : _bPutnam, _c1999. |
||
| 300 |
_a321 p. : _bmap ; _c24 cm. |
||
| 650 | 0 |
_aPigeon, Anna (Fictitious character) _vFiction. |
|
| 650 | 0 |
_aWomen park rangers _vFiction. |
|
| 651 | 0 |
_aStatue of Liberty National Monument (N.Y. and N.J.) _vFiction. |
|
| 651 | 0 |
_aEllis Island (N.J. and N.Y.) _vFiction. |
|
| 655 | 7 |
_aDetective and mystery stories. _2gsafd |
|
| 942 |
_2lcc _cGEN |
||
| 999 |
_c13763 _d13763 |
||